Soft computing and intelligent systems design : (Record no. 189802)
[ view plain ]
| 000 -LEADER | |
|---|---|
| fixed length control field | 01083nam a2200289Ia 4500 |
| 005 - DATE AND TIME OF LATEST TRANSACTION | |
| control field | 20220721151700.0 |
| 008 - FIXED-LENGTH DATA ELEMENTS--GENERAL INFORMATION | |
| fixed length control field | 210716s2009 xx 000 0 und d |
| 020 ## - INTERNATIONAL STANDARD BOOK NUMBER | |
| International Standard Book Number | 9788131723241 |
| 040 ## - CATALOGING SOURCE | |
| Transcribing agency | AIMIT LIBRARY |
| 041 ## - LANGUAGE CODE | |
| Language code of text/sound track or separate title | eng |
| 082 ## - DEWEY DECIMAL CLASSIFICATION NUMBER | |
| Classification number | 006.34 |
| Edition number | 1 |
| Item number | KARF |
| 100 ## - MAIN ENTRY--PERSONAL NAME | |
| Personal name | Karray, Fakhreddine O |
| 9 (RLIN) | 52363 |
| 245 ## - TITLE STATEMENT | |
| Title | Soft computing and intelligent systems design : |
| Remainder of title | Theory tools and applications / |
| Statement of responsibility, etc. | By Fakhreddine O. Karray and Clarence De Silva |
| 250 ## - EDITION STATEMENT | |
| Edition statement | 1st ed. |
| 260 ## - PUBLICATION, DISTRIBUTION, ETC. | |
| Place of publication, distribution, etc. | New Delhi : |
| Name of publisher, distributor, etc. | Pearson Education , |
| Date of publication, distribution, etc. | 2009. |
| 300 ## - PHYSICAL DESCRIPTION | |
| Extent | xxiv, 560p. ; |
| Other physical details | PB : |
| Dimensions | 24.5 cm. |
| 650 ## - SUBJECT ADDED ENTRY--TOPICAL TERM | |
| Topical term or geographic name entry element | Fuzzy Logic and Fuzzy Control |
| 9 (RLIN) | 52364 |
| 650 ## - SUBJECT ADDED ENTRY--TOPICAL TERM | |
| Topical term or geographic name entry element | Fundamentals of Fuzzy logic systems |
| 9 (RLIN) | 52365 |
| 650 ## - SUBJECT ADDED ENTRY--TOPICAL TERM | |
| Topical term or geographic name entry element | Fuzzy Logic control |
| 9 (RLIN) | 52366 |
| 650 ## - SUBJECT ADDED ENTRY--TOPICAL TERM | |
| Topical term or geographic name entry element | Fundamentals of artificial neural networks |
| 9 (RLIN) | 52367 |
| 650 ## - SUBJECT ADDED ENTRY--TOPICAL TERM | |
| Topical term or geographic name entry element | Major classes of neural networks |
| 9 (RLIN) | 52369 |
| 650 ## - SUBJECT ADDED ENTRY--TOPICAL TERM | |
| Topical term or geographic name entry element | Neuro-fuzzy systems |
| 9 (RLIN) | 52370 |
| 650 ## - SUBJECT ADDED ENTRY--TOPICAL TERM | |
| Topical term or geographic name entry element | Evolutionary and soft computing |
| 9 (RLIN) | 52371 |
| 650 ## - SUBJECT ADDED ENTRY--TOPICAL TERM | |
| Topical term or geographic name entry element | Applications and case studies |
| 9 (RLIN) | 52372 |
| 700 ## - ADDED ENTRY--PERSONAL NAME | |
| Personal name | Silva, Clarence De. |
| 9 (RLIN) | 52373 |
| 942 ## - ADDED ENTRY ELEMENTS (KOHA) | |
| Source of classification or shelving scheme | Dewey Decimal Classification |
| Koha item type | Book |
| Edition | 1st |
| Call number prefix | 006.34 KARF |
| Withdrawn status | Lost status | Source of classification or shelving scheme | Damaged status | Not for loan | Collection code | Home library | Current library | Source of acquisition | Cost, normal purchase price | Inventory number | Total Checkouts | Full call number | Barcode | Date last seen | Cost, replacement price | Price effective from | Koha item type |
|---|---|---|---|---|---|---|---|---|---|---|---|---|---|---|---|---|---|
| Dewey Decimal Classification | MCA | St Aloysius Institute of Management & Information Technology | St Aloysius Institute of Management & Information Technology | Higginbothams Pvt Ltd | 475.00 | Bill no:9846; Bill dt:2009-09-14 | 006.34 KARF | MCA09310 | 07/21/2025 | 356.25 | 07/16/2021 | Book | |||||
| Dewey Decimal Classification | MCA | St Aloysius Institute of Management & Information Technology | St Aloysius Institute of Management & Information Technology | Higginbothams Pvt Ltd | 475.00 | Bill no:9846; Bill dt:2009-09-14 | 006.34 KARF | MCA09311 | 07/21/2025 | 356.25 | 07/16/2021 | Book | |||||
| Dewey Decimal Classification | MCA | St Aloysius Institute of Management & Information Technology | St Aloysius Institute of Management & Information Technology | Higginbothams Pvt Ltd | 475.00 | Bill no:9846; Bill dt:2009-09-14 | 006.34 KARF | MCA09312 | 07/21/2025 | 356.25 | 07/16/2021 | Book | |||||
| Dewey Decimal Classification | MCA | St Aloysius Institute of Management & Information Technology | St Aloysius Institute of Management & Information Technology | Higginbothams Pvt Ltd | 475.00 | Bill no:9846; Bill dt:2009-09-14 | 006.34 KARF | MCA09313 | 07/21/2025 | 356.25 | 07/16/2021 | Book | |||||
| Dewey Decimal Classification | MCA | St Aloysius Institute of Management & Information Technology | St Aloysius Institute of Management & Information Technology | Knowledge World | 475.00 | Bill no:710; Bill dt:2010-08-01 | 006.34 KARF | MCA10195 | 07/21/2025 | 356.25 | 07/16/2021 | Book |